000 00520nam a2200205Ia 4500
003 GCL
008 140319s9999 xx 000 0 eng d
040 _aGCL /
_cGCL
082 0 4 _a843
_bL G
100 1 _aLOTTMAN, HERBERT R.
245 1 0 _aGUSTAVE FLAUBERT /
_cLOTTMAN, HERBERT R.
700 1 _aVERON, MARIANNE (TRAS.)
260 _a[S.N] :
_bFAYARD ،
_c1989
300 _a579
650 0 4 _aLITERATURE
650 0 4 _aFLAUBERT, GUSTAVE
650 0 4 _aFRENCH LITERATURE
650 0 4 _aBIOGRAPHIES
942 _2ddc
_cBK
999 _c25400
_d25400